Αγωγή υγείας και σχολείο : παιδαγωγική και βιολογική προσέγγιση
Αποθηκεύτηκε σε:
| Κύριος συγγραφέας: | |
|---|---|
| Άλλοι συγγραφείς: | , |
| Μορφή: | Βιβλίο |
| Γλώσσα: | Greek |
| Δημοσίευση: |
Αθήνα :
Τυπωθήτω - Γ. Δαρδανός,
2001.
|
| Θέματα: | |
| Ετικέτες: |
Προσθήκη ετικέτας
Δεν υπάρχουν, Καταχωρήστε ετικέτα πρώτοι!
|
MARC
| LEADER | 00000cam a2200000 i 4500 | ||
|---|---|---|---|
| 001 | 1/29332 | ||
| 008 | 021112s2001 gr | ||| |||| ||gre|| | ||
| 020 | |a 9608041686 | ||
| 035 | |l 10068779 | ||
| 040 | |a GR-MY-UA |b gre |e aacr | ||
| 041 | 0 | |a gre | |
| 082 | 7 | |a 371.71 |2 (22) | |
| 100 | 1 | |a Γκούβρα, Μαριάννα. | |
| 245 | 1 | 0 | |a Αγωγή υγείας και σχολείο : |b παιδαγωγική και βιολογική προσέγγιση / |c Μαριάννα Γκούβρα, Αργύρης Κυρίδης, Ευαγγελία Μαυρικάκη. |
| 260 | |a Αθήνα : |b Τυπωθήτω - Γ. Δαρδανός, |c 2001. | ||
| 300 | |a 444 σ. ; |c 24 εκ. | ||
| 504 | |a Περιλαμβάνει βιβλιογραφικές παραπομπές. | ||
| 650 | 0 | 0 | |a School hygiene. |
| 650 | 0 | 0 | |a School health services. |
| 700 | 1 | |a Κυρίδης, Αργύρης Γ. | |
| 700 | 1 | |a Μαυρικάκη, Ευαγγελία Θ. | |
| 852 | |a INST |b RHODES |e 20021112 |h 371.71 ΓΚΟ |p 005400016053 |q 005400016053 |t BK |y 0 | ||
| 901 | |a BIBL4-2003-1 | ||
| 909 | |a Ρ |b 101488 | ||
| 922 | |a 4ΕΛΗ |b 200210 |c ΕΠΕΑΕΚ2/Βιβλιοθήκη |d Παπασωτηρίου & Ελευθερουδάκης | ||
| 950 | |a 094-2002-10-05 | ||
| 970 | |z 2003/02/25 | ||